[Event "Stay Safe Play From Home 267"]
[Site "Emanuel Lasker Arena"]
[Date "2020.06.30"]
[Round "2"]
[White "Ironmike"]
[Black "Lazieri3"]
[Result "0-1"]
[WhiteElo "1852"]
[BlackElo "2128"]
[Annotator "TA"]
[PlyCount "78"]
[EventDate "2020.06.30"]
[EventType "swiss (blitz)"]
[WhiteTeam "SV Horst-Emscher I"]

{[%evp 9,78,177,176,131,178,168,198,122,120,114,186,171,180,174,187,89,104,106,125,0,64,58,64,8,-4,3,66,-403,-400,-406,-404,-506,-482,-613,-491,-504,-497,-496,-492,-522,-501,-576,-504,-600,-588,-562,-495,-819,-812,-826,-826,-898,-762,-781,-731,-745,-731,-735,-735,-716,-677,-747,-749,-804,-774,-1225,-1231,-1133,-881,-29986,-29987]} 1. e4 c6 2. Nf3 d5 3. exd5 c5 4. d4 cxd4 5. Qxd4 {[#]} Nf6 $146 ({Predecessor:} 5... Qd6 6. Bf4 Qd8 7. Bxb8 Rxb8 8. Qxa7 Qxd5 9. Qxb8 Qe4+ 10. Be2 Qb4+ 11. Nc3 Qg4 12. Bb5+ {1-0 (12) Godden,D (800)-Robertson,J (800) IECG email 1999}) 6. c4 {B10: Caro-Kann: 2 d3 and 2 c4.} g6 7. Nc3 Bg7 8. Qd1 (8. Be2 $18) 8... O-O $16 9. Be2 Nbd7 (9... e6 $16 10. Bg5 exd5) 10. O-O $18 b6 11. Re1 Nc5 12. Rb1 (12. Nd4 $18 {has better winning chances.}) 12... e6 13. dxe6 Bxe6 14. b3 (14. Nd4 $16) 14... Re8 (14... Bf5 $11) 15. Bg5 h6 16. Bh4 (16. Be3 $14) 16... g5 $11 17. Bg3 Nh5 ({Better is} 17... Nfe4 $11 18. Qxd8 Raxd8) 18. Bf1 $2 {[%mdl 8192] [#] Loses the game.} (18. Be5 $14) 18... Nxg3 19. hxg3 Bxc3 20. Re2 Bf5 21. Rc1 Qxd1 22. Rxd1 Rxe2 23. Bxe2 Re8 24. Bf1 Kf8 25. Rd6 Kg7 26. Rd5 Bg6 27. g4 Re4 28. Nh2 (28. g3 $142) 28... Re1 $19 29. Nf3 Ra1 30. Nh2 Bd3 31. g3 Bxf1 32. Nxf1 Rxa2 33. Ne3 Ne4 34. Nf5+ Kg6 35. Ne7+ Kh7 36. Rd7 Nxf2 37. Nf5 Nxg4 38. Kh1 Ne5 39. Re7 Nf3 {Accuracy: White = 39%, Black = 81%.} 0-1

[Event "Stay Safe Play From Home 267"]
[Site "Emanuel Lasker Arena"]
[Date "2020.06.30"]
[Round "2"]
[White "Johni"]
[Black "Patzeroglu"]
[Result "1-0"]
[WhiteElo "1803"]
[BlackElo "1988"]
[Annotator "TA"]
[PlyCount "104"]
[EventDate "2020.06.30"]
[EventType "swiss (blitz)"]

{[%evp 9,104,8,46,27,38,27,72,28,18,36,58,45,82,70,93,55,68,1,58,52,42,43,189,197,202,204,202,198,176,145,185,143,141,145,183,179,179,183,188,168,163,130,181,164,180,-455,-288,-296,-288,-295,1173,1170,1195,1166,12837,12837,2107,1534,793,704,12837,12838,12838,12839,12839,12839,12839,12840,12840,12839,12844,12844,12845,12845,12845,12845,12846,12847,12847,12847,12849,12849,12850,12849,12850,12850,12850,27999,12851,27999,12851,27999,12851,27999,27999,27999,27998]} 1. e4 c5 2. c3 d5 3. exd5 Nf6 4. c4 e6 5. dxe6 {[#]} fxe6 $146 (5... Bxe6 {keeps more tension.} 6. Nf3 Nc6 7. Be2 Bd6 8. O-O O-O) ({Predecessor:} 5... Bxe6 6. Nf3 Nc6 7. Be2 g6 8. d3 Bg7 9. O-O O-O 10. Nc3 b6 11. Re1 Qd7 {1-0 (86) Boruchovsky,A (2541)-Kezin,R (2470) chess.com INT 2020}) 6. Nf3 {B22: Sicilian: 2 c3.} Nc6 7. Be2 Bd6 8. O-O {White is better.} O-O 9. Nc3 Kh8 10. d3 e5 11. Bg5 Qe8 12. Bxf6 gxf6 13. Nd5 (13. Nh4 $14) 13... Bg4 ({Black should play} 13... Be6 $11) 14. Nd2 Be6 15. Ne4 $36 {[%mdl 2048] White has good play.} Be7 ({Better is} 15... Qd8 $14) 16. Nc7 $1 $18 {[%csl LRa8,LRe6,LRe8]} Qf7 17. Nxa8 Rxa8 18. Bh5 Qg7 19. g3 Rg8 20. Re1 f5 21. Nc3 Bf6 22. Nd5 Bxd5 23. cxd5 Nd4 24. Rc1 b6 25. a3 f4 (25... Be7 $16 26. Bf3 a5) 26. b4 Bh4 {[%cal Rf4g3]} 27. Qd2 $4 {[%mdl 8192]} ({Not} 27. bxc5 fxg3 28. hxg3 Bxg3 $19) (27. Re4 $1 $18 {and all is fine.}) 27... fxg3 28. fxg3 ({Don't blunder} 28. hxg3 $2 Bxg3 $1 {[%mdl 512]} 29. Kh1 Bf4 $1 $19 {[%mdl 512]}) 28... Bxg3 {( -> ...Bf2+!)} 29. Kh1 (29. hxg3 {leads to mate.} Qxg3+ 30. Kh1 {[#]} Nf3 $1 {[%mdl 512]} 31. Bg4 Rxg4 32. Re2 Qg1+ $1 {[%mdl 512]} 33. Rxg1 Rxg1#) 29... Bxh2 $4 {[%mdl 8192]} (29... Bf4 $19 30. Qf2 Qh6) 30. Qxh2 Nf5 31. Rg1 Ng3+ 32. Rxg3 Qxg3 33. Qxg3 Rxg3 {[%mdl 4096] Endgame KRB-KR} 34. Kh2 Rxd3 35. Rd1 Rxd1 36. Bxd1 {KB-KP} Kg7 37. bxc5 bxc5 38. Kg3 Kf6 39. Bb3 h5 40. Kh4 e4 41. Kxh5 {KB-K3P} Ke5 42. Kg4 Kd4 43. d6 {Intending Bd1 and mate.} Kc3 44. Bd1 {d7 would kill now.} Kd2 45. d7 Kxd1 46. d8=Q+ Kc2 47. Kf4 c4 48. Kxe4 {White threatens Kd4 and mate.} c3 49. Qa5 Kb3 50. Qb4+ Ka2 51. Qxc3 a5 52. Qxa5 Kb3 {Accuracy: White = 70%, Black = 54%.} 1-0

[Event "Stay Safe Play From Home 267"]
[Site "Emanuel Lasker Arena"]
[Date "2020.06.30"]
[Round "2"]
[White "Tunca"]
[Black "Physikus"]
[Result "0-1"]
[WhiteElo "1768"]
[BlackElo "1923"]
[Annotator "TA"]
[PlyCount "46"]
[EventDate "2020.06.30"]
[EventType "swiss (blitz)"]

{[%evp 16,46,17,0,0,0,0,-12,-12,-12,-12,-20,0,-8,-10,-15,-6,-15,16,17,20,0,26,37,29,25,27,24,38,-17,-16,-29995,-29996]} 1. e4 e5 2. Nf3 Nc6 3. Bb5 a6 4. Ba4 Nf6 5. O-O Be7 6. Re1 b5 7. Bb3 O-O 8. d3 d6 9. Nbd2 {[%cal Bb1d2,Bd2f1,Bf1e3,Be3d5,Bd5c7][%mdl 32]} Na5 {C88: Closed Ruy Lopez: Anti-Marshall Systems.} 10. Nf1 c5 11. c3 Nxb3 {The position is equal.} 12. axb3 h6 {[#]} 13. Qc2 $146 ({Predecessor:} 13. h3 Re8 14. g4 d5 15. Qe2 Bb7 16. Ng3 c4 17. bxc4 bxc4 18. dxc4 Nxe4 19. Nxe4 dxe4 {0-1 (68) Vovk,A (2484)-Karjakin,S (2686) Evpatoria 2007}) 13... Nh7 14. Ne3 Ng5 15. Nxg5 Bxg5 16. Nd5 f5 17. Bxg5 Qxg5 18. Nc7 Ra7 {[%cal Ba8a7,Ba7d7,Bd7f7,Bf7f3][%mdl 32] [#]} 19. Nxb5 $1 {[%mdl 576] Pin} Rd7 (19... axb5 20. Rxa7) 20. Na3 fxe4 21. dxe4 Rdf7 22. f3 ({White should try} 22. Nc4 $14) 22... Rxf3 $1 $11 {White must now prevent ...Bh3.} 23. Rf1 $2 {[%mdl 8192] [#]} (23. Nc4 $11) 23... Qe3+ {Accuracy: White = 67%, Black = 82%.} 0-1

[Event "Stay Safe Play From Home 267"]
[Site "Emanuel Lasker Arena"]
[Date "2020.06.30"]
[Round "2"]
[White "Matanant"]
[Black "Dukic"]
[Result "0-1"]
[WhiteElo "1671"]
[BlackElo "1975"]
[Annotator "TA"]
[PlyCount "46"]
[EventDate "2020.06.30"]
[EventType "swiss (blitz)"]

{[%evp 9,45,29,14,14,40,-153,105,0,0,-39,-39,-64,-61,-103,-19,-90,-24,-92,-39,-50,72,-378,-365,-363,-352,-358,-345,-875,-508,-518,-507,-504,-518,-516,-496,-866,-861,-29999]} 1. e4 c6 2. d4 d6 3. Nd2 Nd7 {[#]} 4. f4 $146 ({Predecessor:} 4. Ngf3 h6 5. Bd3 g5 6. Nf1 Bg7 7. c3 Nf8 8. Ne3 Nf6 9. Nf5 Bxf5 10. exf5 g4 {0-1 (32) Toczek,G (2271)-Uvarov,A chess.com INT 2020}) 4... e5 5. fxe5 dxe5 6. c3 {B12: Caro-Kann: Advance Variation.} Ngf6 7. Bd3 $2 {[#]} (7. Ngf3 $14 {keeps the upper hand.}) 7... Qc7 $2 (7... Nc5 $1 $17 {[%mdl 512] and life is bright.} 8. Ndf3 (8. dxc5 Qxd3) 8... exd4 9. cxd4 Ncxe4) 8. Ndf3 (8. Ngf3 $16) 8... Bd6 $11 9. Ne2 O-O 10. O-O Re8 11. Qc2 {[#]} h6 ({Better is} 11... c5 $1 $17 {[%cal Rc5c4]} 12. b3 cxd4) 12. Be3 (12. b3 $11 {keeps the balance.}) 12... b6 (12... Ng4 $17 13. Bd2 c5) 13. Rae1 {[#]} (13. b3 $11) 13... Ng4 (13... c5 $1 $17 {[%cal Rc5c4] Hoping for ...c4.} 14. Qd2 Bb7) 14. Bd2 exd4 (14... c5 $1 $15 {stays ahead.} 15. h3 Ngf6) 15. Nexd4 $2 {[%mdl 8192] White does not recover from this.} (15. cxd4 $16 {is forced if you want to stay better. And now h3 would win.} Bxh2+ 16. Kh1) 15... Bxh2+ $19 16. Kh1 Bg3 17. Re2 Nde5 18. Nxe5 $2 (18. Nf5 Bxf5 19. exf5) 18... Qxe5 19. Nf5 Bxf5 (19... Bf2 20. g3 $17) 20. Rxf5 Qe7 {( -> ...Qh4+)} 21. Rh5 Rad8 22. Be1 (22. Rh3 $142 Qf6 23. Kg1) 22... Qf6 {[%cal Rf6f1]} 23. Bxg3 Qf1# {Accuracy: White = 20%, Black = 36%.} 0-1

[Event "Stay Safe Play From Home 267"]
[Site "Emanuel Lasker Arena"]
[Date "2020.06.30"]
[Round "2"]
[White "Timbre"]
[Black "Klasman"]
[Result "1-0"]
[WhiteElo "1620"]
[BlackElo "1815"]
[Annotator "NA RC"]
[PlyCount "91"]
[EventDate "2020.06.30"]
[EventType "swiss (blitz)"]

1. d4 {[%emt 0:00:17]} f5 {[%emt 0:00:02]} 2. Nf3 {[%emt 0:00:01]} Nf6 {[%emt 0:00:01]} 3. Bf4 {[%emt 0:00:01]} e6 {[%emt 0:00:03]} 4. e3 {[%emt 0:00:01]} c5 {[%emt 0:00:03]} 5. c3 {[%emt 0:00:01]} d5 {[%emt 0:00:03]} 6. Nbd2 {[%emt 0:00:02]} Qb6 {[%emt 0:00:02]} 7. Rb1 {[%emt 0:00:03]} Nc6 {[%emt 0:00:02]} 8. Bd3 {[%emt 0:00:01]} Bd7 {[%emt 0:00:05]} 9. Qe2 {[%emt 0:00:01]} cxd4 {[%emt 0:00:04]} 10. exd4 {[%emt 0:00:02]} Be7 {[%emt 0:00:11]} 11. Ne5 {[%emt 0:00:04]} Nxe5 {[%emt 0:00:10]} 12. Bxe5 {[%emt 0:00:02]} O-O {[%emt 0:00:03]} 13. f4 {[%emt 0:00:02]} Ne4 {[%emt 0:00:03]} 14. O-O {[%emt 0:00:04]} Qd8 {[%emt 0:00:12]} 15. Nf3 {[%emt 0:00:02]} g5 {[%emt 0:00:10]} 16. Bb5 {[%emt 0:00:06]} g4 {[%emt 0:00:06]} 17. Nd2 {[%emt 0:00:08]} h5 {[%emt 0:00:13]} 18. Nxe4 {[%emt 0:00:02]} dxe4 {[%emt 0:00:13]} 19. Bxd7 {[%emt 0:00:03]} Qxd7 {[%emt 0:00:01]} 20. Qe3 {[%emt 0:00:04]} h4 {[%emt 0:00:13]} 21. h3 {[%emt 0:00:04]} g3 {[%emt 0:00:07]} 22. Qf3 {[%emt 0:00:03]} Qe8 {[%emt 0:00:05]} 23. Qe2 {[%emt 0:00:03]} Bf6 {[%emt 0:00:12]} 24. Bxf6 {[%emt 0:00:03]} Rxf6 {[%emt 0:00:01]} 25. Rbd1 {[%emt 0:00:02]} Rd8 {[%emt 0:00:04]} 26. Qc4 {[%emt 0:00:05]} Qc6 {[%emt 0:00:03]} 27. Qb3 {[%emt 0:00:06]} Kg7 {[%emt 0:00:04]} 28. c4 {[%emt 0:00:03]} Qb6 {[%emt 0:00:04]} 29. Qc3 {[%emt 0:00:03]} Kg6 {[%emt 0:00:09]} 30. Kh1 {[%emt 0:00:04]} Rf7 {[%emt 0:00:09]} 31. d5 {[%emt 0:00:02]} exd5 {[%emt 0:00:04]} 32. cxd5 {[%emt 0:00:02]} Rd6 {[%emt 0:00:08]} 33. Qe5 {[%emt 0:00:04]} Qd8 {[%emt 0:00:12]} 34. Rd4 {[%emt 0:00:07]} Rfd7 {[%emt 0:00:06]} 35. Rfd1 {[%emt 0:00:13]} Qf6 {[%emt 0:00:14]} 36. Qxf6+ {[%emt 0:00:03]} Kxf6 {[%emt 0:00:01]} 37. Kg1 {[%emt 0:00:01]} Rc7 {[%emt 0:00:03]} 38. Kf1 {[%emt 0:00:06]} Rc2 {[%emt 0:00:01]} 39. R4d2 {[%emt 0:00:02]} Rc5 {[%emt 0:00:06]} 40. Ke2 {[%emt 0:00:02]} b5 {[%emt 0:00:05]} 41. Ke3 {[%emt 0:00:01]} a5 {[%emt 0:00:02]} 42. a3 {[%emt 0:00:03]} Ke7 {[%emt 0:00:04]} 43. Kd4 {[%emt 0:00:02]} Rc4+ {[%emt 0:00:05]} 44. Ke5 {[%emt 0:00:04]} e3 {[%emt 0:00:04]} 45. Re2 {[%emt 0:00:04]} Re4+ {[%emt 0:00:17]} 46. Kxf5 {[%emt 0:00:02] Time (Lag: Av=0.42s, max=0.9s) '} 1-0

[Event "Stay Safe Play From Home 267"]
[Site "Emanuel Lasker Arena"]
[Date "2020.06.30"]
[Round "2"]
[White "Justwatch"]
[Black "Redrooster"]
[Result "0-1"]
[WhiteElo "1305"]
[BlackElo "1892"]
[Annotator "NA RC"]
[PlyCount "86"]
[EventDate "2020.06.30"]
[EventType "swiss (blitz)"]

1. e4 {[%emt 0:00:10]} c5 {[%emt 0:00:03]} 2. Nf3 {[%emt 0:00:00]} e6 {[%emt 0:00:01]} 3. Nc3 {[%emt 0:00:00]} a6 {[%emt 0:00:02]} 4. g3 {[%emt 0:00:15]} Ne7 {[%emt 0:00:05]} 5. Bg2 {[%emt 0:00:00]} Qc7 {[%emt 0:00:02]} 6. d3 {[%emt 0:00:00]} b5 {[%emt 0:00:03]} 7. Bf4 {[%emt 0:00:01]} d6 {[%emt 0:00:01]} 8. O-O {[%emt 0:00:02]} Bb7 {[%emt 0:00:03]} 9. a3 {[%emt 0:00:02]} Nd7 {[%emt 0:00:01]} 10. Bd2 {[%emt 0:00:03]} Nc6 {[%emt 0:00:02]} 11. Ne2 {[%emt 0:00:02]} Be7 {[%emt 0:00:02]} 12. Nf4 {[%emt 0:00:01]} O-O {[%emt 0:00:09]} 13. Rc1 {[%emt 0:00:10]} Nd4 {[%emt 0:00:08]} 14. Nxd4 {[%emt 0:00:16]} cxd4 {[%emt 0:00:01]} 15. Nh5 {[%emt 0:00:01]} Kh8 {[%emt 0:00:19]} 16. Qf3 {[%emt 0:00:05]} f5 {[%emt 0:00:04]} 17. Qd1 {[%emt 0:00:05]} Nc5 {[%emt 0:00:16]} 18. exf5 {[%emt 0:00:27]} Bxg2 {[%emt 0:00:05]} 19. Kxg2 {[%emt 0:00:00]} Rxf5 {[%emt 0:00:10]} 20. Qe2 {[%emt 0:00:09]} e5 {[%emt 0:00:16]} 21. g4 {[%emt 0:00:06]} Qb7+ {[%emt 0:00:14]} 22. f3 {[%emt 0:00:08]} Rf7 {[%emt 0:00:07]} 23. Ng3 {[%emt 0:00:04]} g6 {[%emt 0:00:15]} 24. Ne4 {[%emt 0:00:20]} Nxe4 {[%emt 0:00:04]} 25. Qxe4 {[%emt 0:00:00]} Qxe4 {[%emt 0:00:02]} 26. fxe4 {[%emt 0:00:02]} Raf8 {[%emt 0:00:03]} 27. Rxf7 {[%emt 0:00:00]} Rxf7 {[%emt 0:00:01]} 28. Rf1 {[%emt 0:00:00]} Kg8 {[%emt 0:00:02]} 29. Rxf7 {[%emt 0:00:02]} Kxf7 {[%emt 0:00:01]} 30. Kg3 {[%emt 0:00:00]} Ke6 {[%emt 0:00:01]} 31. h4 {[%emt 0:00:01]} d5 {[%emt 0:00:01]} 32. Kf3 {[%emt 0:00:00]} Bxh4 {[%emt 0:00:03]} 33. g5 {[%emt 0:00:04]} dxe4+ {[%emt 0:00:04]} 34. Kxe4 {[%emt 0:00:01]} Bf2 {[%emt 0:00:06]} 35. Ba5 {[%emt 0:00:04]} Be3 {[%emt 0:00:04]} 36. Bc7 {[%emt 0:00:03]} Bf4 {[%emt 0:00:06]} 37. c3 {[%emt 0:00:04]} dxc3 {[%emt 0:00:02]} 38. bxc3 {[%emt 0:00:00]} Bc1 {[%emt 0:00:04]} 39. d4 {[%emt 0:00:02]} exd4 {[%emt 0:00:02]} 40. cxd4 {[%emt 0:00:01]} Bxa3 {[%emt 0:00:01]} 41. d5+ {[%emt 0:00:00]} Kd7 {[%emt 0:00:01]} 42. Ba5 {[%emt 0:00:06]} Bc1 {[%emt 0:00:04]} 43. Ke5 {[%emt 0:00:04]} Bxg5 {[%emt 0:00:01] Justwatch terk eder (Lag: Av=0.53s, max=0.8s)} 0-1

[Event "Stay Safe Play From Home 267"]
[Site "Emanuel Lasker Arena"]
[Date "2020.06.30"]
[Round "3"]
[White "Lazieri3"]
[Black "Redrooster"]
[Result "1-0"]
[WhiteElo "2134"]
[BlackElo "1893"]
[Annotator "TA"]
[PlyCount "153"]
[EventDate "2020.06.30"]
[EventType "swiss (blitz)"]

{[%evp 9,152,25,51,17,17,15,21,0,8,-7,0,-10,-2,-16,-18,-20,-19,-18,-18,-31,-15,-35,-37,-121,-110,-101,-93,-91,-101,-128,-71,-109,-115,-123,-122,-111,-45,-45,-54,-45,-40,-47,-17,-60,0,0,0,0,0,0,0,0,0,0,0,0,0,0,0,0,0,0,0,0,0,0,0,0,0,0,0,0,0,0,0,0,0,0,0,0,0,0,0,0,502,364,652,0,0,0,299,252,188,0,806,686,933,856,1099,1100,932,993,964,899,872,855,544,9,9,9,12840,12841,12841,0,0,0,0,0,12837,12838,12844,12844,12845,0,12846,12847,12848,12844,12846,12847,12847,12847,12849,12849,12850,29984,12851,29985,12851,27999,12851,27999,27999,27999,27998]} 1. e4 c5 2. Nc3 e6 3. Nf3 a6 4. d3 Ne7 5. Be3 Qc7 6. g3 {[#] B40: Sicilian: 2...e6, Unusual lines.} Nec6 $146 ({Predecessor:} 6... Ng6 7. Bg2 b5 8. Ne2 Nc6 9. O-O h5 10. d4 cxd4 11. Nfxd4 Nce5 12. h3 Nc4 {0-1 (38) Schonberg,P-Helin,M (1939) Copenhagen 2004}) 7. Bg2 d6 8. Qd2 {The position is equal.} b5 9. a3 Be7 10. O-O O-O 11. d4 cxd4 12. Nxd4 Nxd4 13. Bxd4 Nc6 14. Be3 Bb7 15. Rfd1 Ne5 16. Bf4 (16. Qe1 $15) 16... Nc4 $1 $17 {[%cal Rc4d2]} 17. Qc1 Rac8 18. Ne2 e5 19. Bd2 {[#]} Nxd2 (19... f5 $142 $1 20. Nc3 fxe4) 20. Rxd2 Bg5 21. f4 exf4 22. gxf4 {[#]} Bf6 (22... Bh6 $1 $17 23. c3 Rfe8) 23. c3 $15 Rfe8 24. Ng3 Qc5+ 25. Kh1 Bh4 (25... g6 {seems wilder.} 26. Qg1 Qc7 27. Rf1 Rcd8 28. Qe3 Qe7) 26. Qg1 Qxg1+ (26... Bxg3 $15 27. Qxc5 dxc5 28. hxg3 Bxe4) 27. Kxg1 $11 Bxg3 28. hxg3 Bxe4 29. Bxe4 Rxe4 30. Rxd6 $15 {[%mdl 4096] Endgame KRR-KRR} Re2 31. Rad1 g6 (31... Kf8 {is more complex.} 32. R6d2 Rxd2 33. Rxd2 Ke7 34. Re2+ Kd7) 32. R1d2 Rxd2 33. Rxd2 $11 {KR-KR} Rc6 34. Kf2 Kf8 35. Rd7 Kg7 36. Kf3 Kf6 37. Rd4 h5 38. a4 Ke6 39. axb5 axb5 40. Rd8 Rb6 41. Rc8 Kd7 42. Rc5 Kd6 43. b4 (43. Rg5 {with more complications.} Ke7 44. Rd5 f6 45. Ke3 Re6+ 46. Kf2) 43... Ke6 44. Ke4 Kd6 45. Kd4 Rb8 46. f5 Rd8 $2 {[%mdl 8192]} (46... Ke7 $11 {and Black stays safe.}) 47. fxg6 $18 fxg6 $2 (47... Ke6+ 48. Ke3 fxg6) 48. Rg5 $2 (48. Rxb5 $18 {Hoping for Rd5+.} Ke6+ 49. Ke4) 48... Ke6+ $11 49. Ke4 Kf6 $2 {[%mdl 8192]} (49... Rc8 $11) 50. Rxb5 $18 Re8+ 51. Kf4 $2 (51. Kd3 $18) 51... Re1 $2 {[%mdl 8192]} (51... Rc8 $11) 52. Rb6+ Kg7 53. Rc6 Rf1+ 54. Ke3 Rg1 55. Kf2 Rb1 56. Rc5 Kf6 57. b5 g5 58. c4 $2 (58. Ke3 $18 {aiming for c4.} Kg6 59. c4) 58... Rb3 $1 $11 59. Kg2 h4 $2 {[%mdl 8192]} (59... Kg6 $11) 60. gxh4 $18 gxh4 61. Kh2 $2 ({White must play} 61. Rh5 $18 Rg3+ 62. Kh2) 61... Ke6 62. Rc6+ Ke5 63. b6 {Strongly threatening c5.} Kf4 $2 {[%mdl 8192]} (63... Kd4 $11 64. c5 Ke4) 64. c5 Kg4 65. Rg6+ Kf5 66. Rg7 $2 (66. Rg8 $18 {Rb8 is the strong threat.} Ke6 67. c6 Rxb6 68. c7 Rb2+ 69. Kh3 Rb3+ 70. Kxh4 Rb4+ 71. Kg3 Rb3+ 72. Kf2) 66... Rb5 $2 {[%mdl 8192]} (66... Ke6 $11 67. Rc7 Kd5) 67. b7 Kf6 68. Rc7 Ke6 69. c6 Kd6 70. Rc8 Rb2+ 71. Kh3 Rb3+ 72. Kxh4 Rb4+ 73. Kg5 Rb5+ 74. Kf6 Rf5+ 75. Kxf5 Ke7 76. b8=Q Kf7 77. Rc7# {Accuracy: White = 80%, Black = 75%.} 1-0

[Event "Stay Safe Play From Home 267"]
[Site "Emanuel Lasker Arena"]
[Date "2020.06.30"]
[Round "3"]
[White "Dukic"]
[Black "Timbre"]
[Result "0-1"]
[WhiteElo "1980"]
[BlackElo "1646"]
[Annotator "TA"]
[PlyCount "60"]
[EventDate "2020.06.30"]
[EventType "swiss (blitz)"]

{[%evp 13,60,8,29,9,26,0,17,6,60,58,62,50,53,44,68,47,43,35,38,46,47,21,25,0,39,-13,-13,-5,-16,-11,-8,-51,13,-127,-124,-149,-140,-153,-153,-169,-143,-207,-202,-188,-54,-69,-54,-1018,-674]} 1. c4 c6 2. Nc3 d5 3. cxd5 cxd5 4. d4 Nc6 5. Nf3 Nf6 6. Bf4 a6 7. e3 e6 8. Qb3 {D13: Slav Defence: Exchange variation without ...Bf5.} Bd6 9. Bg5 Be7 (9... b5 {is more complex.} 10. Bd3 Bb7 11. O-O Na5 12. Qc2 Rc8) 10. Bd3 {[#] The position is equal.} Nh5 $146 (10... h6 $11 11. Bf4 O-O) ({Predecessor:} 10... b5 11. O-O Bb7 12. Rfc1 O-O 13. a4 b4 14. Nb1 Nd7 15. Bxe7 Qxe7 16. Nbd2 e5 17. Bf5 e4 {0-1 (46) Bareev,E (2660)-Shirov,A (2685) Tilburg 1993}) 11. Bxe7 $14 Qxe7 12. a3 Nf6 13. Na4 O-O 14. Nb6 Rb8 15. O-O e5 16. dxe5 Nxe5 17. Nxe5 Qxe5 18. Rad1 Be6 (18... Ng4 $5 19. g3 $8 Qh5 $11) 19. Qb4 ({White should try} 19. h3 $14) 19... Ng4 $11 {[%csl Gg4][%cal Re5h2] [#]} 20. Qf4 Qxb2 $40 {[%mdl 128] Black has some attack.} 21. Nxd5 $1 Qxa3 22. Bb1 Qa5 (22... Rbd8 $15) 23. h3 (23. Be4 $11 {remains equal.}) 23... Bxd5 $17 24. Qxg4 {[#] Threatens to win with Qh5!} Be6 25. Qh4 {[%csl Gb1][%cal Rh4h7]} g6 26. Rd4 Rbd8 27. Rfd1 (27. Ra4 $17 Qc7 28. Ra1) 27... Rxd4 $19 28. Qxd4 Qh5 (28... b5 $19 {Strongly threatening ...b4.} 29. Be4 Qc7) 29. Be4 $15 b5 30. Qb6 $2 {[%mdl 8192]} (30. Ra1 $15) 30... Qxd1+ {Accuracy: White = 47%, Black = 68%.} 0-1

[Event "Stay Safe Play From Home 267"]
[Site "Emanuel Lasker Arena"]
[Date "2020.06.30"]
[Round "3"]
[White "Patzeroglu"]
[Black "Tunca"]
[Result "0-1"]
[WhiteElo "1963"]
[BlackElo "1758"]
[Annotator "TA"]
[PlyCount "32"]
[EventDate "2020.06.30"]
[EventType "swiss (blitz)"]

{[%evp 9,32,-26,-14,-40,0,0,22,7,13,0,0,0,-2,-4,31,-58,-62,-185,-142,-347,-361,-381,-342,-385,-289]} 1. e4 e5 2. Nc3 Nf6 3. d3 d5 4. exd5 Nxd5 5. Nf3 Nc6 6. Bd2 {C47: Scotch Four Knights and Four Knights with 4 g3.} Bg4 7. Be2 Bc5 8. O-O {The position is equal.} (8. Nxe5 {seems wilder.} Nxe5 9. Bxg4 Qh4 10. g3 Qxg4 11. Qxg4 Nxg4 12. Nxd5 Bxf2+ 13. Kf1) 8... O-O 9. Ne4 Be7 {[#]} 10. c3 $146 ({Predecessor:} 10. h3 Bxf3 11. Bxf3 Nd4 12. Ng3 Nxf3+ 13. Qxf3 {½-½ (13) Traversi,C (1759)-Bondielli,G (1954) Arco 2008}) 10... f5 11. Ng3 Kh8 12. Rc1 (12. b4 $14) 12... Nf4 $36 {[%mdl 2048] White is under pressure.} 13. Re1 ({White should play} 13. Bxf4 $1 $15 exf4 14. Nh1) 13... Nxe2+ 14. Rxe2 $2 (14. Qxe2 $17 e4 15. dxe4 fxe4 16. Nxe4) 14... Qxd3 $19 15. Re3 Qd5 {[#] aiming for ...f4.} 16. Qc2 Rad8 {Accuracy: White = 45%, Black = 61%.} 0-1